| 000 | 00484nam a2200169 i 4500 | ||
|---|---|---|---|
| 001 | 30581 | ||
| 003 | ES-MaACL | ||
| 005 | 20240424063038.0 | ||
| 007 | t| | ||
| 008 | 030127s1976 ve ||||1| spa d | ||
| 100 | 1 |
_aBeltrán Guerrero, Luis, _d1914-1997 _927365 |
|
| 245 | 1 | 0 |
_aCandideces _b: novena serie / _cLuis Beltrán Guerrero. |
| 260 |
_aCaracas : _bArte, _c1976. |
||
| 300 |
_a325 p. ; _c20 cm. |
||
| 852 |
_aES-MaACL _jA-8916 _bR.98066 |
||
| 999 |
_c30581 _d30581 |
||